000 00520nam a2200217Ia 4500
005 20250425161730.0
008 250425s9999 xx 000 0 und d
020 _a9978800832
041 _aspa
082 _a863.69866
100 _aBEJAR PORTILLA, CARLOS
245 0 _aPUERTO DE LUNA, LA ROSA DE SINGAPUR
250 _a1A ED.
260 _aEcuador
_bLIBRESA
_c1990
260 _aQUITO
300 _a205
650 _aCUENTOS ECUATORIANOS
650 _aNOVELA ECUATORIANA
942 _c01
010 _a26860
999 _c214972
_d214972